000 00616nam a2200193 i 4500
001 bgj
100 1 _aIGGULDEN, Margaret
245 1 0 _aGet up and go! :
_bzeszyt ćwiczeń dla klasy IV : workbook /
_cMargaret Iggulden ; Eleanor Melville.
260 _aHarlow, Essex :
_bLongman,
_c1999.
300 _a80 pp :
_bill. ;
_c30 cm.
650 9 _aEnglish language
_xTextbooks for foreigners
_xTextbooks for primary schools
700 1 _aMELVILLE, Eleanor.
_eco-author
020 _a0582432502
040 _cBPK
041 0 _aeng
920 _a0-582-43250-2
942 _cKS
008 s uk f |000 0 eng
999 _c48484
_d48484
856 _uhttp://koha.tu.koszalin.pl/cgi-bin/koha/opac-detail.pl?biblionumber=48484
_yKatalog online BPK